00873nam a2200253 a 450000100060000000300080000600500170001400800410003103500190007204000320009104100080012308200200013110000330015124500530018425000180023726000490025530000260030449000660033050400510039650500570044765000190050470000300052383000660055322330BD-RjUL20211209000808.0140308r19651963enka b 001 0 eng d a(BD-RjUL)22395 aTMNcTMNdEQOdBD-RjULbeng aeng04a821.5bPOP 19651 aPope, Alexander,d1688-1744.14aThe Poems of Alexander Pope /cAlexander Pope ;  a3d. ed., rev. aLondon ;bMethuen ;c1963. [Reprinted 1965]. a v. :bill. ;c22 cm.1 aThe Twickenham edition of the poems of Alexander Pope ;vv. 5 aIncludes bibliographical references and index.0 aVol. 5. The Dunciad / Edited by James Sutherland.-- aEnglish Poetry1 aSutherland, James,d1900- aThe Twickenham edition of the poems of Alexander Pope ;vv. 5